header

The God who may be (Record no. 2476)

MARC details
000 -LEADER
fixed length control field 01560nam a22003614a 4500
082 04 - DEWEY DECIMAL CLASSIFICATION NUMBER
Classification number 211
100 1# - MAIN ENTRY--AUTHOR NAME
Personal name Kearney, Richard.
245 14 - TITLE STATEMENT
Title The God who may be
260 ## - PUBLICATION, DISTRIBUTION, ETC. (IMPRINT)
Place of publication Bloomington :
Name of publisher Indiana University Press,
Year of publication c2001.
300 ## - PHYSICAL DESCRIPTION
Number of Pages ix, 172 p.
490 1# - SERIES STATEMENT
Series statement Indiana series in the philosophy of religion
505 0# - FORMATTED CONTENTS NOTE
Formatted contents note Toward a phenomenology of the persona -- I am who may be -- Transfiguring God -- Desiring God -- Possibilizing God -- Conclusion : poetics of the possible God.
650 #0 - SUBJECT ADDED ENTRY--TOPICAL TERM
Topical Term God.
Topical Term Philosophical theology.
Topical Term Possibility
856 40 - ELECTRONIC LOCATION AND ACCESS
Uniform Resource Identifier http://site.ebrary.com/lib/rucke/Doc?id=10003027

No items available.

© 2026 Rongo University
Contact us: librarian | system librarian | Rongo university